| 000 | 01226cam a2200289 a 4500 | ||
|---|---|---|---|
| 999 |
_c329838 _d329838 |
||
| 001 | 15024121 | ||
| 003 | NUST | ||
| 005 | 20170523141803.0 | ||
| 008 | 070927r20071927pk 011 0 eng | ||
| 010 | _a 2007432349 | ||
| 020 | _a9693520025 | ||
| 040 |
_aDLC _cDLC |
||
| 043 | _aa-ii--- | ||
| 050 | 0 | 0 |
_aDS478 _b.G56 2007 |
| 082 | _a954.912 GIM | ||
| 100 | 1 |
_aGimlette, G. H. D. _q(George Hart Desmond), _d1855- _91355 |
|
| 245 | 1 | 2 |
_aA postscript to the records of the Indian Mutiny : _ban attempt to trace the subsequent careers and fate of the rebel Bengal regiments, 1857-1858 / _cby G.H.D. Gimlette. |
| 260 |
_aLahore : _bSang-e-Meel Publications, _c2007. |
||
| 300 |
_a222 p. ; _c24 cm. |
||
| 500 | _aOriginally published: London : H.F. & G. Witherby, 1927. | ||
| 500 | _a"On the occasion of 150th anniversary of the war of freedom, 1857"--p. [4] of cover. | ||
| 500 | _aIncludes index. | ||
| 610 | 1 | 0 |
_aIndia. _bArmy _xHistory _y19th century. _91356 |
| 651 | 0 |
_aIndia _xHistory _ySepoy Rebellion, 1857-1858 _xRegimental histories. _91357 |
|
| 651 | 0 |
_aIndia _xHistory, Military _y19th century. _91358 |
|
| 906 |
_a7 _bcbc _corignew _d3 _encip _f20 _gy-gencatlg |
||
| 942 |
_2ddc _cBK |
||